| 000 | 00555cam a22002174a 4500 | ||
|---|---|---|---|
| 005 | 20250605164319.0 | ||
| 008 | 250528s ||||||||||||||||||||||||d | ||
| 035 | _a22822 | ||
| 020 | _a9780023893216 | ||
| 040 |
_aGR-AtMCL _bgre _dGR-AtMCL _eAACR2 |
||
| 245 | 1 | _aLEARNING DISABILITIES: FROM THERAPY TO PRACTICE | |
| 250 | _a1 | ||
| 260 |
_bPrentice Hall, _c1998 |
||
| 300 | _a444 | ||
| 700 | 1 |
_aAlgozzine Bob _98494 |
|
| 700 | 1 |
_aO'Shea Dorothy J _98495 |
|
| 700 | 1 |
_aO'Shea Lawrence J _98496 |
|
| 942 | _cBK | ||
| 999 |
_c7867 _d7867 |
||